Účtovná závierka podnikateľov za rok 1997

Prehľad právnych noriem z oblasti účtovníctva platného od 1.1.1993. Metodické pokyny a usmernenia pre účtovníctvo podnikateľov. Ilustračný príklad zostavenia účtovnej závierky. Súvahové účty. Výsledkové účty. Hospodársky výsledok. Súvaha v plnom rozsahu. Výkaz ziskov a strát. Prehľad o peňažných tok...

Ausführliche Beschreibung

Gespeichert in:
Bibliographische Detailangaben
1. Verfasser: Šlosárová, Anna
Format: Buchkapitel
Sprache:Slowakisch
Schlagworte:
Tags: Tag hinzufügen
Keine Tags, Fügen Sie das erste Tag hinzu!

MARC

LEADER 00000naa a2200000 4500
001 r030735
005 20230912112454.9
041 0 |a slo 
044 |a SK 
245 1 0 |a Účtovná závierka podnikateľov za rok 1997  |c Anna Šlosárová 
520 |a Prehľad právnych noriem z oblasti účtovníctva platného od 1.1.1993. Metodické pokyny a usmernenia pre účtovníctvo podnikateľov. Ilustračný príklad zostavenia účtovnej závierky. Súvahové účty. Výsledkové účty. Hospodársky výsledok. Súvaha v plnom rozsahu. Výkaz ziskov a strát. Prehľad o peňažných tokoch. 
610 2 0 |a závierka účtovná 
610 2 0 |a podnikatelia 
610 2 0 |a 1997 
610 2 0 |a zákony 
610 2 0 |a účtovníctvo 
610 2 0 |a metodika 
610 2 0 |a výsledovka 
610 2 0 |a súvaha 
610 2 0 |a výkazy účtovné 
610 2 0 |a výkaz ziskov a strát 
100 1 |a Šlosárová, Anna